|
|
|
|
| LEADER |
02035nam a2200409 i 4500 |
| 001 |
34158 |
| 003 |
BD-DhAAL |
| 005 |
20211125121359.0 |
| 008 |
190117t2017 enka 001 0 eng d |
| 999 |
|
|
|c 40281
|d 40281
|
| 010 |
|
|
|a 2016059048
|
| 020 |
|
|
|a 9781292156095 (print)
|
| 020 |
|
|
|z 9781292156118 (PDF)
|
| 020 |
|
|
|z 9781292156101 (ePub)
|
| 040 |
|
|
|a DLC
|b eng
|c DLC
|e rda
|d DLC
|d BD-DhAAL
|
| 041 |
|
|
|a ENG
|
| 042 |
|
|
|a pcc
|
| 043 |
|
|
|a e-uk-en
|
| 050 |
0 |
0 |
|a KD1949
|b .E44 2017
|
| 082 |
0 |
0 |
|a 346.4203
|2 23
|
| 100 |
1 |
|
|a Elliott, Catherine,
|d 1966-
|9 29628
|
| 245 |
1 |
0 |
|a Tort law /
|c Catherine Elliott and Frances Quinn.
|
| 250 |
|
|
|a Eleventh edition.
|
| 260 |
|
|
|a Harlow, England :
|b Pearson,
|c 2017.
|
| 300 |
|
|
|a xxviii, 425 pages :
|b illustrations ;
|c 25 cm
|
| 500 |
|
|
|a Includes index.
|
| 505 |
0 |
|
|a Tort law : an introduction -- Negligence : elements of the tort -- Negligence : causation, defences, limitation and criticism -- Negligence : psychiatric injury -- Negligence : economic loss -- Negligence : public bodies -- Employers' liability -- Occupiers' liability -- Product liability -- Breach of statutory duty -- Defamation -- Privacy -- Nuisance -- The rule in Rylands v. Fletcher -- Trespass to land -- Trespass to the person -- Joint and several liability -- Vicarious liability -- Remedies in tort.
|
| 526 |
|
|
|a SOL
|
| 541 |
|
|
|a Karim International
|e 34158, 34159
|
| 650 |
|
0 |
|a Torts
|z England.
|9 29629
|
| 650 |
|
0 |
|a Law.
|9 43198
|
| 655 |
|
7 |
|a Textbooks.
|2 lcgft
|9 43199
|
| 700 |
1 |
|
|a Quinn, Frances,
|d 1963-
|9 29631
|
| 852 |
|
|
|a Ayesha Abed Library
|c General Stacks
|
| 942 |
|
|
|2 ddc
|c BK
|
| 952 |
|
|
|0 0
|1 0
|2 ddc
|4 0
|6 346_420300000000000_ELL
|7 0
|9 64867
|a BRACUL
|b BRACUL
|c GEN
|d 2019-01-02
|e Karim International
|g 3100.00
|l 8
|m 9
|o 346.4203 ELL
|p 3010034158
|r 2025-11-05
|s 2025-10-29
|t 1
|v 3100.00
|w 2019-01-02
|y BK
|
| 952 |
|
|
|0 0
|1 0
|2 ddc
|4 0
|6 346_420300000000000_ELL
|7 0
|9 64868
|a BRACUL
|b BRACUL
|c GEN
|d 2019-01-02
|e Karim International
|g 3100.00
|l 4
|m 32
|o 346.4203 ELL
|p 3010034159
|r 2026-02-05
|s 2026-02-02
|t 2
|v 3100.00
|w 2019-01-02
|y BK
|